000
00209 a2200097 4500
001
20349
100
_a
Paskuz G F
245
_a
Linear circuit analysis
260
_a
_b
Prentice-Hall
_c
090
_c
14840
_d
14840
942
_a
NUST-CAE
_c
M
_c
5381
999
_c
255422
_d
255422